000 00657nam a2200205 a 4500
001 12517
003 CO-ViMGA
008 141112s2004 ck r 000 u spa d
040 _aCO-ViMGA
_bspa
_cCO-ViMGA
082 0 4 _a193 H67t
100 1 _aHorkheimer, Max
_918044
245 1 0 _aTeoria Critica
260 _aBuenos Aires :
_bAmorrortu,
_c1968
300 _a288p.
590 _aForma de adquisición : DONACION - - Proveedor : RAFAEL SALAMANCA - - Fecha de adquisición : 31 - 01 - 2001
650 1 4 _aEGOISMO Y MOVIMIENTO LIBERADOR
_918045
650 1 4 _aFUNCION SOCIAL DE LA FILOSOFIA
_918046
650 1 4 _aHISTORIA Y PSICOLOGIA
_918047
942 _2ddc
_cBK
999 _c23513
_d23513